| 000 | 05444 a2200493 4500 | ||
|---|---|---|---|
| 008 | 090408t xxu||||| |||| 00| 0 eng d | ||
| 010 | _aENG-88971 B-281102-121 | ||
| 020 |
_c550.00 _a0195689445 |
||
| 020 |
_c550.00 _a978019569440 |
||
| 035 | _aEN-72504 B-281102-121 | ||
| 037 | _bD.B.Act / Pub | ||
| 040 |
_adpl _bEnglish |
||
| 082 | _a320.954 | ||
| 100 | _aJahanbegloo, Ramin | ||
| 245 |
_aIndia revisited : _cby Ramin Jahanbegloo _bconversations on contemporary India / |
||
| 260 |
_aNew Delhi _bOxford University Press _c2008 |
||
| 270 |
_aYMCA Library building, Jai Singh Road _bNew Delhi _e110001 |
||
| 300 |
_avii, 282p. _c22cm. (Hb) |
||
| 942 |
_adpl _cEN _2ddc _h320.954 _mJAH |
||
| 999 |
_c9612 _d9612 |
||